| 000 | 00800nam a2200217 i 4500 | ||
|---|---|---|---|
| 001 | 171359 | ||
| 003 | ES-MaACL | ||
| 005 | 20250518063241.0 | ||
| 008 | 090512s1951 fr |||| | fre d | ||
| 080 | _a78.089.6 | ||
| 100 | 1 |
_aBeethoven, Ludwig van, _d1770-1827 _9240507 |
|
| 245 | 1 | 0 |
_aVe Symphonie [ _hmúsica impresa] _b: ut mineur- c minor- c moll, op.67 / _cL. van Beethoven. |
| 246 | 1 | _a5e Symphonie en ut mineur, op.67 | |
| 260 |
_aParis : _bHeugel & Cie, _c1951. |
||
| 300 |
_a1 partitura (136 p.) ; _c19 cm. |
||
| 490 | 1 | _aPartitions de poche. Oeuvres classiques | |
| 650 | 0 | 4 |
_aPartituras. _915877 |
| 830 | 0 |
_aPartitions de poche. Oeuvres classiques _9223167 |
|
| 852 | 4 |
_aES-MaACL _jE-12603 _9140247 _z. - Biblioteca Jacinto Martínez Lacalle |
|
| 999 |
_c171359 _d171359 |
||